| 000 | 00781 a2200229 4500 | ||
|---|---|---|---|
| 999 |
_c10875 _d10875 |
||
| 020 | _a9780409056228 | ||
| 050 | 0 | 0 |
_aKTL3800 _bSNY 1989 |
| 100 | 1 |
_aSnyman, C. R. _eauthor. |
|
| 245 | 1 | 0 |
_aCriminal law / _cby C.R. Snyman. |
| 250 | _a2nd ed. | ||
| 264 |
_aDurban, SA : _bButterworths, _c1989. |
||
| 300 |
_axv, 595 p. : _bill. ; |
||
| 336 |
_2rdacontent _atext _btxt |
||
| 337 |
_2rdamedia _aunmediated _bn |
||
| 338 |
_2rdacarrier _avolume _bnc |
||
| 500 | _aTranslation of: Strafreg. 2nd ed. | ||
| 500 | _aDistributor from label on p. 2 of cover. | ||
| 504 | _aIncludes bibliographical references (p. 536-542) and index. | ||
| 650 | 0 | _aCriminal law | |
| 942 |
_2lcc _cBK _eSecond edition. _h3800 _iSNY _kKTL |
||